000 00567nam a2200181Ia 4500
003 GCL
008 140319s9999 xx 000 0 ara d
040 _aGCL /
_cGCL
082 0 4 _a811
_bى ا
100 1 _aيحيى الرخاوى
245 1 0 _aالبيت الزجاجى والثعبان - الديوان الثالث /
_cيحيى الرخاوى
260 _a[S.N] :
_bلجنة الاعلام والدراسات المستقبلية ،
_c1983
300 _a87 ص
490 _a
650 0 4 _aالشعر العربى
650 0 4 _aالشعر
942 _2ddc
_cBK
999 _c32957
_d32957